Engineering materials; Vol.2

This companion volume to volume 1 continues the comprehensive coverage of alloy steels, heat treatment, corrosion and its prevention, and synthetic adhesives. Of particular interest are chapters 7 and 8 which deal with the electrical and electronic properties of materials, and the manufacture of sem...

Descrición completa

Gardado en:
Detalles Bibliográficos
Autor Principal: Roger Leslie Timings (1927-
Formato: Libro
Idioma:Undetermined
Publicado: London Longman 1995
Những chủ đề:
Các nhãn: Engadir etiqueta
Sen Etiquetas, Sexa o primeiro en etiquetar este rexistro!
Thư viện lưu trữ: Trung tâm Học liệu Trường Đại học Cần Thơ
LEADER 00847nam a2200193Ia 4500
001 CTU_18834
008 210402s9999 xx 000 0 und d
082 |a 620.11 
082 |b T582/Vol.2 
100 |a Roger Leslie Timings (1927- 
245 0 |a Engineering materials; Vol.2 
245 0 |c Roger Leslie Timings (1927- 
260 |a London 
260 |b Longman 
260 |c 1995 
520 |a This companion volume to volume 1 continues the comprehensive coverage of alloy steels, heat treatment, corrosion and its prevention, and synthetic adhesives. Of particular interest are chapters 7 and 8 which deal with the electrical and electronic properties of materials, and the manufacture of semiconductor materials and devices 
650 |a materials science 
904 |i Minh, 970929 
980 |a Trung tâm Học liệu Trường Đại học Cần Thơ